Deutsche Städte mit "F" - Statistiken

Allgemein
  • Dieses Quiz wurde 191 mal gespielt
  • Das Durchschnittsergebnis liegt bei 23 aus 65
Antwortstatistiken
Bundesland Stadt % Korrekt
Hessen Frankfurt am Main
95%
Brandenburg Frankfurt (Oder)
95%
Sachsen Freiberg
89%
Baden-Württemberg Freiburg im Breisgau
86%
Bayern Fürth
76%
Bayern Furth im Wald
76%
Baden-Württemberg Freiberg am Neckar
68%
Schleswig-Holstein Flensburg
67%
Hessen Fulda
65%
Bayern Füssen
64%
Baden-Württemberg Friedrichshafen
63%
Bayern Friedberg
58%
Hessen Friedberg
58%
Rheinland-Pfalz Frankenthal (Pfalz)
56%
Nordrhein-Westfalen Frechen
56%
Bayern Forchheim
55%
Baden-Württemberg Freudenstadt
54%
Baden-Württemberg Fellbach
50%
Baden-Württemberg Filderstadt
48%
Sachsen Freital
47%
Brandenburg Fürstenwalde/Spree
47%
Bayern Freising
46%
Hessen Frankenberg (Eder)
45%
Sachsen Frankenberg/Sachsen
45%
Brandenburg Finsterwalde
43%
Hessen Fritzlar
41%
Brandenburg Falkensee
39%
Bayern Freyung
39%
Bayern Fürstenfeldbruck
37%
Baden-Württemberg Freudenberg
36%
Nordrhein-Westfalen Freudenberg
36%
Brandenburg Falkenberg/Elster
35%
Schleswig-Holstein Friedrichstadt
32%
Sachsen-Anhalt Falkenstein/Harz
30%
Sachsen Falkenstein/Vogtland
30%
Brandenburg Forst (Lausitz)
29%
Sachsen-Anhalt Freyburg (Unstrut)
29%
Sachsen Frohburg
27%
Sachsen Flöha
25%
Bayern Freilassing
24%
Brandenburg Fürstenberg/Havel
24%
Sachsen Frauenstein
23%
Baden-Württemberg Furtwangen im Schwarzwald
20%
Bayern Feuchtwangen
18%
Niedersachsen Fürstenau
18%
Hessen Frankenau
16%
Thüringen Friedrichroda
15%
Niedersachsen Friesoythe
15%
Brandenburg Friedland
12%
Mecklenburg-Vorpommern Friedland
12%
Schleswig-Holstein Fehmarn
11%
Hessen Friedrichsdorf
11%
Nordrhein-Westfalen Fröndenberg/Ruhr
8%
Hessen Flörsheim am Main
6%
Saarland Friedrichsthal
6%
Hessen Felsberg
5%
Bayern Fladungen
3%
Brandenburg Friesack
3%
Hessen Florstadt
2%
Baden-Württemberg Forchtenberg
2%
Mecklenburg-Vorpommern Franzburg
2%
Rheinland-Pfalz Freinsheim
2%
Niedersachsen Freren
2%
Bayern Freystadt
2%
Baden-Württemberg Fridingen an der Donau
2%
Keine übereinstimmenden Quizze gefunden
Verteilung der Resultate
Anzahl Personen mit jedem Resultat
Perzentil nach korrekt beantworteten Fragen
Ihre Resultats-Entwicklung
Sie haben dieses Quiz noch nicht gespielt